000 00531nam a2200205Ia 4500
005 20260429111848.0
008 260429s9999||||xx |||||||||||||| ||und||
020 _a9788198543370
041 _aEnglish
082 _a530.12
_bCHA
100 _aChandra, Suresh
245 0 _aQuantum mechanics and spectroscopy /
_cSuresh Chandra
250 _a1st ed.
260 _aNew Delhi :
_bAne Books,
_c2025.
300 _a248 p.; hb
650 _a Quantum mechanics
650 _a Quantum physics
650 _aPhysics
942 _cTB
999 _c51185
_d51185